El Mediterráneo a finales del siglo XX/ (Record no. 87457)

MARC details
000 -LEADER
campo de control de longitud fija 01926nac a2200469 i 4500
001 - NÚMERO DE CONTROL
campo de control MOR01000087777
003 - IDENTIFICADOR DE NÚMERO DE CONTROL
campo de control mxdfmo
005 - FECHA Y HORA DE LA ÚLTIMA TRANSACCIÓN
campo de control 20260331145306.0
007 - CAMPO FIJO DE DESCRIPCIÓN FÍSICA--INFORMACIÓN GENERAL
campo de control de longitud fija ta
008 - DATOS DE LONGITUD FIJA--INFORMACIÓN GENERAL
campo de control de longitud fija 080416s1998 sp b g bi a000 0 spa d
020 ## - NÚMERO INTERNACIONAL ESTÁNDAR DEL LIBRO
Número Internacional Estándar del Libro 84-8317-156-2
035 ## - NÚMERO DE CONTROL DEL SISTEMA
Número de control de sistema 080757
040 ## - FUENTE DE CATALOGACIÓN
Centro catalogador/agencia de origen mxcmmo
Lengua de catalogación spa
Normas de descripción rda
Centro/agencia transcriptor mxcmmo
043 ## - CÓDIGO DE ÁREA GEOGRÁFICA
Código de área geográfica mm-----
082 04 - NÚMERO DE LA CLASIFICACIÓN DECIMAL DEWEY
Número de clasificación 949.9
Número de ítem MED.a
245 03 - MENCIÓN DEL TÍTULO
Título El Mediterráneo a finales del siglo XX/
Mención de responsabilidad, etc. ed. José Girón y Slobodan Pajovic
264 #1 - PRODUCCIÓN, PUBLICACIÓN, DISTRIBUCIÓN, FABRICACIÓN Y COPYRIGHT
Producción, publicación, distribución, fabricación y copyright Oviedo, España :
Nombre del de productor, editor, distribuidor, fabricante Universidad de Oviedo, Vice Rectorado de Extensión Universitaria, Servicio de Publicaciones,
Fecha de producción, publicación, distribución, fabricación o copyright 1998.
300 ## - DESCRIPCIÓN FÍSICA
Extensión 426 páginas:
Otras características físicas mapa;
Dimensiones 22 cm
336 ## - TIPO DE CONTENIDO
Término de tipo de contenido texto
Código de tipo de contenido txt
Fuente rdacontent
337 ## - TIPO DE MEDIO
Nombre/término del tipo de medio sin medio
Código del tipo de medio n
Fuente rdamedia
338 ## - TIPO DE SOPORTE
Nombre/término del tipo de soporte volumen
Código del tipo de soporte nc
Fuente rdacarrier
500 ## - NOTA GENERAL
Nota general Ponencias presentadas en dos Cursos de Verano, organizados por la Universidad de Oviedo, en Guijón entre los días 17 y 21 de Jullio de 1995 y 8-12 de Julio de 1996
504 ## - NOTA DE BIBLIOGRAFÍA, ETC.
Nota de bibliografía, etc. Nota Incluye bibliografía
651 #7 - PUNTO DE ACCESO ADICIONAL DE MATERIA--NOMBRE GEOGRÁFICO
Nombre geográfico Mediterráneo (Región)
Subdivisión cronológica Siglo XX
Subdivisión general Historia
-- Alocuciones, ensayos, conferencias
9 (RLIN) 150204
700 1# - ENTRADA AGREGADA--NOMBRE PERSONAL
Nombre de persona Girón, José
Fechas asociadas al nombre 1952-
Término indicativo de función/relación editor
9 (RLIN) 150205
700 1# - ENTRADA AGREGADA--NOMBRE PERSONAL
Nombre de persona Pajovic, Slobodan S
Término indicativo de función/relación editor
9 (RLIN) 102550
710 2# - ENTRADA AGREGADA--NOMBRE DE ENTIDAD CORPORATIVA
Nombre de entidad corporativa o nombre de jurisdicción como elemento de entrada Universidad de Oviedo
Unidad subordinada Vice-Rectorado de Extensión Universitaria
-- Servicio de Publicaciones
9 (RLIN) 149029
900 ## - ELEMENTOS DE DATOS A LOCAL, LDA (RLIN)
Nombre de persona BATCH-UPD
Numeración 40
Títulos y otros términos asociados al nombre 20120321
Lenguaje de la obra MOR01
-- 1718
900 ## - ELEMENTOS DE DATOS A LOCAL, LDA (RLIN)
Nombre de persona BATCH-UPD
Numeración Verónica Silva
Títulos y otros términos asociados al nombre 20120323
Lenguaje de la obra MOR01
-- 1752
900 ## - ELEMENTOS DE DATOS A LOCAL, LDA (RLIN)
Nombre de persona BATCH
Numeración 00
Títulos y otros términos asociados al nombre 20120322
Lenguaje de la obra MOR01
-- 1740
900 ## - ELEMENTOS DE DATOS A LOCAL, LDA (RLIN)
Nombre de persona CAT
Numeración 30
Títulos y otros términos asociados al nombre 20080416
Lenguaje de la obra MOR01
-- 1515
900 ## - ELEMENTOS DE DATOS A LOCAL, LDA (RLIN)
Nombre de persona CAT
Numeración 30
Títulos y otros términos asociados al nombre 20080416
Lenguaje de la obra MOR01
-- 1515
900 ## - ELEMENTOS DE DATOS A LOCAL, LDA (RLIN)
Nombre de persona CAT
Numeración 30
Títulos y otros términos asociados al nombre 20080416
Lenguaje de la obra MOR01
-- 1519
900 ## - ELEMENTOS DE DATOS A LOCAL, LDA (RLIN)
Nombre de persona KLASY
Numeración 30
Títulos y otros términos asociados al nombre 20080417
Lenguaje de la obra MOR01
-- 1253
900 ## - ELEMENTOS DE DATOS A LOCAL, LDA (RLIN)
Nombre de persona KLASY
Numeración 30
Títulos y otros términos asociados al nombre 20080417
Lenguaje de la obra MOR01
-- 1255
900 ## - ELEMENTOS DE DATOS A LOCAL, LDA (RLIN)
Nombre de persona MARC21
Numeración 40
Títulos y otros términos asociados al nombre 20120719
Lenguaje de la obra MOR01
-- 1415
900 ## - ELEMENTOS DE DATOS A LOCAL, LDA (RLIN)
Nombre de persona MARY
Numeración 05
Títulos y otros términos asociados al nombre 20080305
Lenguaje de la obra MOR01
-- 1522
900 ## - ELEMENTOS DE DATOS A LOCAL, LDA (RLIN)
Nombre de persona MARY
Numeración 05
Títulos y otros términos asociados al nombre 20080305
Lenguaje de la obra MOR01
-- 1522
900 ## - ELEMENTOS DE DATOS A LOCAL, LDA (RLIN)
Nombre de persona VOBO
Numeración 40
Títulos y otros términos asociados al nombre 20080506
Lenguaje de la obra MOR01
-- 1236
904 ## - ELEMENTOS DE DATOS D LOCAL, LDD (RLIN)
a UPDATE
942 ## - ELEMENTOS DE ENTRADA SECUNDARIOS (KOHA)
Código de la institución [OBSOLETO] BK
901 ## - ELEMENTOS DE DATOS A LOCAL LDA (RLIN)
a batch batch
Holdings
Estatus retirado Estado de pérdida Fuente del sistema de clasificación o colocación Estado de daño No para préstamo Colección Biblioteca de origen Biblioteca actual Ubicación en estantería Fecha de adquisición Fuente de adquisición Número de inventario Total de préstamos Signatura topográfica completa Código de barras Visto por última vez Precio de reemplazo Tipo de ítem Koha
    Clasificación Decimal Dewey     Libros (General) Biblioteca Instituto Mora Biblioteca Instituto Mora Regular 16/04/2008   113534   (G)/949.9 MED.a 33291001195805 03/09/2024 03/09/2024 Libro préstamo regular